CHEF (Record no. 712030)

MARC details
000 -LEADER
sabit uzunluktaki kontrol alanı 00227nam a2200097Ia 4500
001 - KONTROL NUMARASI
kontrol alanı 712030
005 - EN SON İŞLEMİN TARİH VE ZAMANI
kontrol alanı 20250826162819.0
008 - SABİT-UZUNLUKTA VERİ ÖĞELERİ--GENEL BİLGİ
sabit uzunluktaki kontrol alanı 250824s9999 xx 000 0 und d
245 #0 - ESER / YAZAR
ESER ADI CHEF
Yazar Adı MUSTAFA KUTLU
260 ## - YAYIN, DAĞITIM, VB.
YAYIN EVİ DERGAH YAYINLARI
Holdings
Düşüm durumu Kayıp durumu Hasar Durumu Ödünç verilmez Ana kütüphane Geçerli Kütüphane Edinilen tarih Toplam ödünç verme sayısı Barkod Son görüntüleme tarihi Son ödünç verme tarihi Fiyatın geçerli olmaya başladığı tarih Koha materyal türü
        SELÇUKLU FEN LİSESİ SELÇUKLU FEN LİSESİ 24.08.2025 1 1030614 05.12.2025 24.09.2025 26.08.2025 Books